000 00607nam a2200241 a 4500
001 0001-1018
003 ELIB.Books
008 141028 2010 eng
020 _aKBTS
035 _a(ELIB.Books)0001-1172
092 _a268.432
_bMat
100 _aMatthew, MC.
245 _aParenting Your Child
260 _aNew Delhi
_bUBS Publisher's Distributors Ltd.
_c2001
300 _a207
_c20 Cm
500 _aLibrary
650 _aChristian Education
856 _nKBTS; Library
_uKBTS; Elib.
942 _2ddc
_cBK
990 _a1
998 _cbat
_e2014-10-28
999 _c11018
_d11018